书目信息 |
| 题名: |
Microsoft.NER框架程序设计(修订版)
|
|
| 作者: | 潘文林 | |
| 分册: | ||
| 出版信息: | 北京 清华大学出版社 2005.09 |
|
| 页数: | 361页 | |
| 开本: | 20cm | |
| 丛书名: | ||
| 单 册: | ||
| 中图分类: | TP311.13 | |
| 科图分类: | ||
| 主题词: | 软件 | |
| 电子资源: | ||
| ISBN: | 7-302-11487-0 | |
| 000 | 00547nam0 2200193 450 | |
| 001 | 0854022980 | |
| 005 | 20080303150344.75 | |
| 010 | @a7-302-11487-0@dCNY29.00 | |
| 100 | @a20080303d2005 km y0chiy0120 ea | |
| 101 | 0 | @achi |
| 102 | @aCN@b110000 | |
| 200 | 1 | @aMicrosoft.NER框架程序设计(修订版)@f潘文林@Fpan wen lin |
| 210 | @a北京@c清华大学出版社@d2005.09 | |
| 215 | @a361页@d20cm | |
| 606 | 0 | @a软件 |
| 690 | @aTP311.13@v4 | |
| 701 | 0 | @a潘文林@Apan wen lin |
| 801 | 0 | @aCN@b大连网信软件有限公司图书馆·11@c20080303 |
| 905 | @aZUCC@dTP311.13@eP240 | |
| Microsoft.NER框架程序设计(修订版)/潘文林.-北京:清华大学出版社,2005.09 |
| 361页;20cm |
| ISBN 7-302-11487-0:CNY29.00 |
| ● |
| 相关链接 |
|
|
|
正题名:Microsoft.NER框架程序设计(修订版)
索取号:TP311.13/P240
 
预约/预借
| 序号 | 登录号 | 条形码 | 馆藏地/架位号 | 状态 | 备注 |
| 1 | 479412 | 204794124 | 期刊室512/ [索取号:TP311.13/P240] | 在馆 |